000 01261cam a2200349 i 4500
001 11652
003 Mx-PuUPA
005 20240410103456.0
008 140415s1988 mx a r 000 0 spa d
020 _a9684220030 (obra completa)
020 _a9684220049 (t. 1)
020 _a9684220057 (t. 2)
020 _a9684220065 (t. 3)
040 _aMX-PuUPA
_bspa
_erda
_cMx-PuUPA
_dMx-PuUPA
041 1 _aspa
_heng
100 1 _aPapalia, Diane E.,
_eautor
_94923
240 1 0 _aA childs world.
_lEspañol
245 1 3 _aEl mundo del niño /
_cDiane E. Papalia, Sally Wendkos Olds ; traducción, Jesús Villamizar.
264 1 _aNaucalpan de Juárez, Edo. de México :
_bMcGraw-Hill Interamericana de México,
_c©1988
300 _a3 volúmenes (paginación varía) :
_bilustraciones ;
_c24 cm.
336 _atexto
_2rdacontent
_btxt
337 _asin medio
_2rdamedia
_bn
338 _avolumen
_2rdacarrier
_bnc
650 4 _aPsicología infantil
650 4 _aDesarrollo infantil
700 1 _aOlds, Sally Wendkos,
_eautor
700 1 _aVillamizar, Jesús,
_etraductor
765 0 8 _aPapalia, Diane E.,
_tA childs world.
_dU.S.A. : McGraw-Hill, ©1982
942 _2ddc
_cLI
_h155.4
_iP213
999 _c11652
_d11652